[Event "Corus"]
[Site "Wijk aan Zee"]
[Date "2002.01.25"]
[Round "11"]
[White "Khalifman, Alexander"]
[Black "Bareev, Evgeny"]
[Result "1-0"]
[WhiteElo "2688"]
[BlackElo "2707"]
[Annotator "Finkel,A"]
[PlyCount "39"]
[EventDate "2002.01.12"]
[EventType "tourn"]
[EventRounds "13"]
[EventCountry "NED"]
[EventCategory "18"]
[SourceTitle "CBM 087"]
[Source "ChessBase"]
[SourceDate "2002.03.21"]
[SourceVersion "1"]
[SourceVersionDate "2002.03.21"]
[SourceQuality "1"]

1. e4 e6 2. d4 d5 3. Nc3 dxe4 4. Nxe4 Nd7 5. Bd3 Ngf6 6. Qe2 c5 7. Nxf6+ Nxf6
8. dxc5 Bxc5 9. Bd2 $5 {4...Nd7 has become extremly popular during the last
couple of years, but I won't be surprised if after Corus tournament it's
popularity will decrease drusticaly!} (9. Bg5 Qa5+ (9... h6 10. Bb5+ Bd7 11.
Bxd7+ Qxd7 12. Bxf6 gxf6 13. Rd1 Qc6 14. Nf3 O-O 15. O-O Rfd8 $11 {Fedorov,
A-Van Wely,L/Istanbul 2000/EXT 2001}) 10. Bd2 Qc7 (10... Bb4 11. Bxb4 (11. c3
Be7 12. Nf3 O-O 13. O-O Rd8 14. Ne5 Bd7 15. c4 Qb6 16. b4 Qd4 17. Rac1 a5 18.
Bc3 $14 {Nevednichy,V-Negulescu,A/Cupa Dinamo 1998}) 11... Qxb4+ 12. c3 Qc5 13.
Nf3 b6 14. Bb5+ Ke7 15. Ba6 Rd8 16. O-O Bxa6 17. Qxa6 Rd7 18. Rad1 Rad8 $11 {
Asrian,K-Nalbandian,T/Yerevan 1999}) (10... Qb6 11. O-O-O Bd7 12. f4 (12. Nh3
$5 h6 13. Qe1 $6 {[%cal Gd2a5]} (13. Bc3 O-O-O 14. Qf3 Bc6 15. Qg3 Rhg8 $11)
13... a5 $5 (13... O-O-O $2 14. Ba5) 14. Bc3 Bb4 15. a3 Bxc3 16. Qxc3 Rc8 17.
Qe5 O-O $132 {Asrian,K-Feoktistov,A/St Petersburg 1999/CBM 74}) 12... O-O-O 13.
Nf3 Ng4 14. Ng5 f5 15. Nf7 Nf2 16. Nxh8 Rxh8 17. Kb1 Re8 18. Bc3 Nxh1 19. Rxh1
$11 {Lastin,A-Feoktistov,A/Voronezh 1998/EXT 99}) 11. Nf3 O-O 12. O-O-O b6 13.
Ne5 Bb7 14. f4 (14. Rhe1 Rac8 15. Kb1 Rfe8 16. g4 Nd5 17. g5 Bd4 18. c4 Bxe5
19. cxd5 Bd6 20. Qe4 $14 {Korneev,O-Zlochevskij,A/RUS-Cup8 1997/EXP 58}) 14...
Rfd8 (14... Nd5 15. Rhf1 $1 Nb4 $6 16. Bxb4 $5 Bxb4 17. g4 Rad8 18. g5 Bd6 19.
h4 $36 {Fedorov,A-Daschian,N/RUS-Cup02 1998}) 15. Kb1 Rac8 16. Rhf1 $14 {
Glek,I-Nogueiras,J/Linares op 1996}) (9. Nf3 O-O 10. Bg5 h6 11. h4 $1 Qa5+ 12.
Bd2 Qa4 13. Ne5 Qd4 14. c3 Qd5 15. O-O-O $1 Qxa2 16. g4 Qa1+ 17. Kc2 Qa4+ 18.
Kb1 $16 {Rublevsky,S-Zakharevich,I/St.Petersburg Petrov 1996 (24)}) 9... O-O
10. O-O-O Qd5 $6 {After 2 games played in this variation in Wijk aan Zee we
may regard this move as dubious: indeed both games lasted 20 moves each and in
each one of the black got crushed severely!} 11. Kb1 (11. Bc3 Qg5+ 12. Kb1 Nd5
13. Be5 Qxg2 $2 14. Qh5 f5 15. Nf3 Qg4 16. Rhg1 $1 $18 {Sadler,M-Miles,A/Hove
1997/CBM 61}) 11... Qxg2 12. Nf3 Qxf2 13. Qe5 Be7 $146 {This move is the
novelty, but as shows this game, it doesn't change the evaluaton of the
position- black is in serious danger and it's not perfectly clear wether he
may withstand white's attack.} (13... Qxf3 14. Qxc5 b6 15. Qg5 h6 16. Qh4 Qh5
17. Qg3 Kh8 18. Rhg1 Rg8 19. Rdf1 $40 {Ivanisevic,I-Supatashvili,K/Panormo
1998/CBM 67 ext}) (13... Nd7 14. Bxh7+ Kxh7 15. Qh5+ Kg8 16. Rhg1 Be3 17. Bc3
f6 18. Rdf1 Qe2 19. Re1 Qf2 20. Ref1 Qe2 21. Re1 Qf2 22. Qg4 Rf7 23. Rgf1 $16 {
Anand,V-Van Wely,L, Monaco,2001}) 14. Rdf1 Qc5 15. Qg3 Nh5 16. Qh3 g6 17. Rhg1
{This position looks extremly dangerous for black and it's not so simple to
find satisfactory reply.} Nf4 $6 {This move loses on the spot, but also after
natural} (17... Bf6 18. Ng5 {[%cal Gg5h7]} Bg7 19. Nxh7 $1 Kxh7 20. Rg5 f5 21.
Rfg1 Qb6 22. Bc3 $1 Bxc3 23. Qxh5+ $1 $18 {white decides the game in his favor}
) 18. Bxf4 e5 19. Qh6 exf4 20. Rg5 $1 {[%cal Gg5h5]} (20. Rg5 f5 21. Rxg6+ hxg6
22. Qxg6+ Kh8 23. Qh6+ Kg8 24. Bc4+ Qxc4 25. Rg1+ Kf7 26. Qg6#) 1-0

[Event "Corus-B"]
[Site "Wijk aan Zee"]
[Date "2002.01.21"]
[Round "6"]
[White "Nijboer, Friso"]
[Black "Yu, Shaoteng"]
[Result "1-0"]
[WhiteElo "2574"]
[BlackElo "2522"]
[Annotator "Finkel,A"]
[PlyCount "81"]
[EventDate "2002.01.15"]
[EventType "tourn"]
[EventRounds "11"]
[EventCountry "NED"]
[EventCategory "11"]
[SourceTitle "CBM 087"]
[Source "ChessBase"]
[SourceDate "2002.03.21"]
[SourceVersion "1"]
[SourceVersionDate "2002.03.21"]
[SourceQuality "1"]

1. e4 e6 2. d4 d5 3. Nc3 dxe4 4. Nxe4 Nd7 5. g3 $5 {This variation doesn't
promise white anything special, but it's not so easy for black to play and
white's results in this line are quiet impressible.} Ngf6 6. Nxf6+ Nxf6 7. Bg2
Be7 (7... Bd6 8. Nf3 O-O 9. O-O Qe7 10. b3 Rd8 11. Qe2 c5 12. dxc5 Bxc5 13. Bb2
Bd7 {1/2-1/2 Van de Oudeweetering,A-Akopian,V/Groningen 1990/CBM 22 (13)}) 8.
Nf3 (8. Ne2 c5 (8... O-O 9. O-O Rb8 10. c4 b6 11. Nc3 Bb7 12. Bxb7 Rxb7 13. Qf3
$14 {Hracek,Z-Tregubov,P/Pardubice 1992/EXT 2000}) (8... Rb8 9. O-O b5 10. a4
b4 11. Nf4 O-O 12. Re1 Bb7 13. Bxb7 Rxb7 14. Qf3 c6 15. Be3 $14 {Polzin,
R-Lobron,E/Germany 1999/EXT 2000}) 9. O-O O-O 10. c4 cxd4 11. Qxd4 Qa5 (11...
Nd7 12. Be3 Qc7 13. Qc3 Bf6 14. Bd4 e5 15. Be3 Nc5 16. b4 Ne6 17. Rac1 Bd7 18.
Qb3 $14 {Pribyl,J-Pokorny,P/Prague 1986/EXT 97}) 12. Bd2 Qc7 13. Bf4 Qa5 14. a3
Rd8 15. Qc3 Qh5 16. Qe5 $14 {Van der Weide,K-Ferk,M/Triesen 2000/EXT 2001})
8... O-O (8... c5 9. O-O Qb6 10. dxc5 Bxc5 11. b3 Bd7 12. Qe2 Bc6 13. Bb2 Rd8
14. a3 a5 15. Rab1 O-O 16. b4 $14 {Morovic Fernandez,I-Gonzalez Intelangelo,G/
Mesa 1992}) 9. O-O c5 (9... Rb8 10. Ne5 Nd7 11. Be3 Nxe5 12. dxe5 b6 13. Qxd8
Rxd8 14. Rad1 Ba6 15. Rfe1 {1/2-1/2 Lenz,A-Ebner,J/Passau 2000/CBM 76 ext (15)}
) 10. Qe2 $5 (10. c4 cxd4 11. Qxd4 Nd7 12. Be3 Bf6 13. Qd2 Ne5 14. Qxd8 Rxd8
15. Nxe5 Bxe5 16. Rad1 $14 {Velicka,P-Corriguelas Armillas,F/Sants 2000/EXT
2001}) 10... cxd4 (10... Qb6 11. Rd1 Bd7 12. dxc5 Bxc5 13. Ne5 Be8 14. c4 $14)
11. Rd1 Qb6 12. Nxd4 Rd8 13. c3 Bc5 $6 {I don't think that black wants to take
on d4 so there was no reason to waste a time for this move. Although also after
} (13... Bd7 14. Be3 Qc7 15. Bf4 Qb6 16. a4 $14 {white keeps slightly better
chanses.}) 14. Bg5 Bd7 (14... Bxd4 15. cxd4 Rxd4 16. Rxd4 Qxd4 17. Rd1 Qb6 18.
Be3 $5 Qc7 19. Qc2 Qe7 20. Bxa7 $14) 15. Nb3 Be7 16. Be3 Qc7 17. Bf4 Qb6 18.
Qe3 Qb5 $2 {After this careless move black finds himself in troubles while
after correct} (18... Bc6 $1 19. Qxb6 axb6 20. Rxd8+ Bxd8 21. Rd1 Nd5 $11 {
white's initiative fades away and a draw seems to be the most likely result.})
19. c4 Qh5 20. Qf3 Bc6 21. Qxh5 Nxh5 22. Bxc6 bxc6 23. Be3 $18 {[%csl Ra7,Rc6]}
Nf6 (23... Bf6 $2 24. g4 Bxb2 25. Rxd8+ Rxd8 26. Rb1 $18) 24. Rxd8+ Bxd8 25.
Rd1 {It turns out that black has to give up either pawn on a7 or c6.} Be7 (
25... a5 26. Nd4 c5 27. Nb3 $18) 26. Na5 Rc8 27. Bxa7 c5 28. Rd3 Kf8 (28... Ra8
29. Nc6 Kf8 30. a4 Ke8 31. a5 $18) 29. Rb3 Bd8 30. Rb5 Nd7 31. Nb3 Ke8 (31...
Be7 32. a4 Ke8 33. a5 Ne5 34. Bxc5 Nxc4 35. Bxe7 Kxe7 36. Rb7+ Kf6 37. a6 Nxb2
38. a7 Ra8 39. Nd4 Nd3 40. Nc6 $18 {[%cal Gb7b8]}) 32. Nxc5 Ra8 33. Nxd7 Rxa7
34. Ne5 Rxa2 35. Rb8 {[%cal Ge5c6,Ge5f7]} Ra6 36. Nxf7 Kxf7 37. Rxd8 Rb6 38.
Rd2 Rb4 39. Rc2 Ke7 40. Kg2 Rb3 41. c5 1-0

[Event "SWE-ch"]
[Site "Skara"]
[Date "2002.07.02"]
[Round "3"]
[White "Brynell, Stellan"]
[Black "Hillarp Persson, Tiger"]
[Result "1/2-1/2"]
[WhiteElo "2506"]
[BlackElo "2460"]
[Annotator "Finkel,A"]
[PlyCount "79"]
[EventDate "2002.06.30"]
[EventType "tourn"]
[EventRounds "13"]
[EventCountry "SWE"]
[EventCategory "9"]
[SourceTitle "CBM 091"]
[Source "ChessBase"]
[SourceDate "2002.11.12"]
[SourceVersion "1"]
[SourceVersionDate "2002.11.12"]
[SourceQuality "1"]

1. e4 e6 2. d4 d5 3. Nd2 dxe4 4. Nxe4 Bd7 5. Nf3 Bc6 6. Bd3 Nd7 7. O-O Ngf6 8.
Ng3 g6 $5 {This move makes sense since black is going to take on f3 anyway.} (
8... Bd6 9. Re1 Be7 (9... Bxf3 10. Qxf3 c5 $2 11. Nf5 $16 {Milos,G-Rivas
Pastor,M/Sevilla 1992}) 10. Qe2 Bxf3 11. Qxf3 c6 12. c4 O-O 13. Bd2 Re8 14. Bc3
Bf8 15. Ne4 Nxe4 16. Qxe4 g6 17. Rad1 Bg7 {1/2-1/2 Aseev,K-Epishin,V/Leningrad
1990/URS-ch (17)}) (8... Bxf3 9. Qxf3 c6 10. Re1 Be7 11. c4 O-O 12. b3 Re8 13.
Bb2 Qa5 14. a3 Rad8 15. Re2 Nf8 16. Nf1 Ng6 17. g3 $14 {Vogt,L-Lang,J/Suhl 1979
}) 9. Re1 Bg7 10. Bf4 (10. Ne5 Nxe5 11. dxe5 Nd5 12. a3 Qh4 $132) 10... O-O 11.
c3 (11. c4 $5 b6 12. Qe2 Bb7 13. Rad1 $14) 11... Bxf3 12. Qxf3 Nd5 13. Bc4 $5 {
Probably the best chance to fight for the advantage, because after} (13. Bd2 c5
14. dxc5 Ne5 $1 15. Qe2 (15. Qe4 $2 Ne7 $17 {[%cal Gd8d2]}) 15... Nf4 $1 16.
Bxf4 Nxd3 17. Bd6 Nxe1 18. Bxf8 Qxf8 19. Rxe1 Qxc5 $11 {black is doing great.})
13... Nxf4 14. Qxf4 Nb6 $6 {Inaccuracy after which black has to be carefull to
keep the balance.} (14... c5 15. d5 e5 16. Qe4 Nb6 17. Rad1 Qd6 18. Bb3 f5 $132
) 15. Bb3 Nd5 16. Qf3 c6 17. Ne4 $14 {White has a clear plan to attack on the
kingside while black has to wait for white to open up.} Qc7 (17... Qh4 $5 18.
g3 Qh3 19. Rad1 Rad8 20. Nc5 b6 21. Nd3 $14) 18. g3 Rad8 19. Rad1 b6 20. h4 {
[%cal Gg1g2,Gh4h5,Ge1h1]} h6 $5 {Cool decision.} (20... Qe7 21. h5 $14) 21. h5
g5 22. c4 (22. Bc2 $5) 22... Ne7 23. Nf6+ Kh8 24. Bc2 Ng8 25. Nxg8 Kxg8 26. Qe4
Rfe8 27. d5 $5 ({May be more chances would leave} 27. Qh7+ Kf8 28. Re3 Re7 (
28... Rxd4 29. Rxd4 Bxd4 30. Qxh6+ Bg7 31. Qxg5 Bxb2 32. h6 $14) 29. Rf3 $36)
27... Kf8 (27... f5 $6 28. Qe2 exd5 29. Qxe8+ Rxe8 30. Rxe8+ Kf7 31. Re2 $16 {
[%csl Rf5]}) 28. dxc6 Bxb2 29. Ba4 Rxd1 30. Rxd1 Rd8 31. Rd7 Rxd7 32. cxd7 Kg7
$11 {White can't make any progress here.} 33. Qd3 Bf6 34. Bc2 Kf8 35. Ba4 Kg7
36. Bb5 Bd8 37. Qc3+ Bf6 38. Qd3 Bd8 39. Qc3+ Bf6 40. Qd3 1/2-1/2

[Event "USA-ch GpB"]
[Site "San Diego"]
[Date "2006.03.11"]
[Round "9"]
[White "Becerra Rivero, Julio"]
[Black "Sarkar, Justin"]
[Result "1-0"]
[WhiteElo "2556"]
[BlackElo "2323"]
[Annotator "Finkel,A"]
[PlyCount "55"]
[EventDate "2006.03.02"]
[EventType "swiss"]
[EventRounds "9"]
[EventCountry "USA"]
[SourceTitle "CBM 112"]
[Source "ChessBase"]
[SourceDate "2006.06.07"]
[SourceVersion "1"]
[SourceVersionDate "2006.06.07"]
[SourceQuality "1"]

1. e4 e6 2. d4 d5 3. Nc3 Nc6 4. Nf3 Nf6 5. e5 Ne4 6. Bd3 Bb4 7. O-O Nxc3 8.
bxc3 Bxc3 9. Rb1 Nxd4 $5 {A very interesting and brave decision. Even though
Black was severely crushed it seems that the move in the game has full right
to exist.} (9... h6 10. Bb5 Bd7 11. Rb3 Ba5 12. Ne1 a6 13. Be2 Bb6 14. Bb2 Na5
15. Rg3 g6 16. Qb1 Bc6 $132 {Paehtz,T-Knaak,R/Salzwedel 1982}) 10. Nxd4 Bxd4
11. Bb5+ c6 12. Qxd4 cxb5 13. Ba3 f5 $6 {Black's king is stuck in the centre,
so opening up the position most definitely help White.} (13... Bd7 $142 14. Qg4
Rg8 15. Rb3 h6 {[%cal Gd8g5,Gg5f5]}) 14. exf6 gxf6 15. Qg4 {[%cal Gg4g7]} Qc7
16. Rfe1 $40 {It's pretty difficult to defend this position with Black as
White's attack is getting stronger from move to move.} b4 $5 ({An attempt to
accomplish development by} 16... Qf7 17. Rxb5 e5 18. Qf3 Rg8 (18... Be6 $2 19.
Rxb7 Qxb7 20. Qxf6 $18) 19. Rxd5 Be6 20. Rd6 $36 {wouldn't solve Black's
problems as the king remaines in the centre.}) 17. Bxb4 h5 18. Qf3 Kf7 19. Bc3
{[%csl Rf6]} Rh6 20. Rb4 {[%cal Gb4f4]} Bd7 $2 {Overlooking White's threat.
After the correct} (20... Kg7 21. Rh4 e5 22. Bd2 Rh7 23. Qxd5 $14 {Black's
position is worse, but defendable.}) 21. Rf4 $18 Qd8 (21... f5 22. Qg3 $18) 22.
Rxf6+ $1 {The decisive blow.} Rxf6 23. Qxh5+ Kf8 (23... Ke7 24. Bb4#) 24. Re3
$1 {Another rook is joining the attack with decisive consequences.} Rf5 (24...
a5 25. Bxf6 Qxf6 26. Rf3 $18) 25. Bb4+ Kg7 26. Rg3+ Kf6 27. Rg6+ Ke5 28. Qe2+
1-0

[Event "NED-ch57"]
[Site "Leeuwarden"]
[Date "2002.06.20"]
[Round "1"]
[White "Tiviakov, Sergei"]
[Black "Reinderman, Dimitri"]
[Result "1-0"]
[WhiteElo "2625"]
[BlackElo "2537"]
[Annotator "Finkel,A"]
[PlyCount "65"]
[EventDate "2002.06.20"]
[EventType "tourn"]
[EventRounds "9"]
[EventCountry "NED"]
[EventCategory "13"]
[SourceTitle "CBM 090"]
[Source "ChessBase"]
[SourceDate "2002.09.20"]
[SourceVersion "1"]
[SourceVersionDate "2002.09.20"]
[SourceQuality "1"]

1. e4 e6 2. d4 d5 3. Nd2 dxe4 4. Nxe4 Nd7 5. Bd3 Ngf6 6. Qe2 c5 7. Nxf6+ Nxf6
8. dxc5 Bxc5 9. Nf3 O-O 10. O-O (10. Bg5 h6 (10... Qa5+ 11. c3 Be7 (11... Qc7
$5 12. Bxf6 gxf6 13. O-O-O b6 14. Qe4 f5 15. Qh4 Be7 16. Qh6 Kh8 $132 {Fedorov,
A-Doroshkievich,V/St.Petersburg op 1994 (34)}) 12. Ne5 Qc7 13. O-O Rd8 14. Rad1
h6 15. Bf4 Bd6 16. Bg3 Bd7 $11 {Rublevsky,S-Anastasian,A/EUCup Gr5 1993 (34)})
11. Bd2 b6 12. O-O-O Bb7 13. Kb1 Qd5 $5 14. Rde1 Qh5 15. Rhg1 Ng4 $5 $13 {
Milu,R-Negulescu,A/ROM-ch 1992}) (10. Bd2 b6 11. O-O-O Bb7 12. Kb1 Qc7 13. Ne5
b5 14. Rhe1 b4 15. f4 a5 $132 {Zarnicki,P-Hoffman,A/ARG-ch 1995 (37)}) 10... b6
(10... h6 11. Bf4 (11. Ne5 Qc7 12. Re1 Bd6 13. Bf4 b6 14. Rad1 Bb7 15. Bg3 Rfd8
$132 {Himmel,H-Luecke,N/BL9495 1995}) 11... Bd7 12. Ne5 Bc6 13. Nxc6 bxc6 14.
Rad1 Qb6 15. Be5 Be7 16. c4 $14 {Kaiumov,D-Sobhani,F/Asian Teams, Genting
Highlands MAS 1998}) 11. Bf4 (11. Bg5 Bb7 12. Rad1 Qc7 13. Bxf6 $5 (13. Ne5 $5
Be7 (13... Nd5 $6 14. c4 Ne3 15. Bxh7+ Kxh7 16. Qh5+ Kg8 17. Bxe3 Bxe3 18. fxe3
$16 {Slobodjan,R-Teske,H/GER-ch 1995 (29)}) 14. Nd7 Nxd7 15. Bxe7 Rfe8 16. Bg5
Nc5 17. Bb5 Bc6 18. Bxc6 $14) 13... gxf6 14. Be4 Bxe4 (14... Rfd8 15. g3 (15.
Bxb7 Qxb7 16. Qc4 a5 17. Qh4 Qe7 18. Nd4 Rac8 19. c3 Kh8 $13 {1/2-1/2
Kosanovic,G-Kosic,D/Novi Sad 2000/EXT 2001 (19)}) 15... Rac8 16. Bxb7 Qxb7 17.
c3 b5 18. Nd4 a6 19. Nb3 Bb6 $11 {Markovic,Z-Kosic,D/Vrsac 2000}) 15. Qxe4 Rfd8
(15... Rad8 $5 16. g3 Rxd1 17. Rxd1 Rd8 18. Rd3 Kg7 19. Kf1 Rxd3 20. Qxd3 Qd6
$11 {Gross,S-Jirovsky,M/CZE-chT 9697 1997}) 16. c3 b5 $5 $13 {Bauer,C-Speelman,
J/Escaldes 1998}) 11... Bb7 12. Rad1 Qc8 $6 {Intending to bring the queen to
c6 in the future, but it turns out not very realistic plan because white
knight is just too strong on e5.} (12... Qe7 13. Ne5 Rfd8 14. c3 h6 15. Rd2 Nd5
16. Bg3 Qg5 17. Be4 f5 18. Nf3 Qe7 19. Bxd5 Bxd5 20. Rfd1 $14 {Korneev,
O-Hoffman,A/Elgoibar 1996}) 13. Ne5 Nd5 14. Bg3 (14. Qe4 Nf6 15. Qe2 Nd5) 14...
Nb4 {I guess black missed 20th move of white starting the knight's manouvre.} (
14... Rd8 15. Qh5 g6 16. Qh3 Nf6 17. Bh4 Be7 18. Ng4 $16) 15. Be4 Bxe4 16. Qxe4
Rd8 17. a3 Nd5 $6 (17... Rxd1 18. Rxd1 Nd5 19. c4 Nf6 20. Qf3 $14) 18. c4 Nf6
19. Rxd8+ Qxd8 20. Qb7 $1 $18 {[%csl Ra8,Rf7] Suddenly black is incapable of
defending the pawn on f7!} Qf8 (20... Qc8 21. Qxf7+ Kh8 22. Rd1 $18) 21. Nxf7
Bd4 22. Ng5 Re8 23. b4 a5 24. Nf3 $1 Bc3 25. Qxb6 e5 26. Qxa5 e4 27. Ne5 Ra8
28. Qb5 Rxa3 29. c5 h5 30. Qc4+ Kh7 31. Nf7 Kg6 32. Nd6 Qe7 33. Nb5 1-0

[Event "Goodricke op 12th"]
[Site "Kolkata"]
[Date "2001.02.12"]
[Round "7"]
[White "Reinderman, Dimitri"]
[Black "Girinath, PDS."]
[Result "1-0"]
[WhiteElo "2539"]
[BlackElo "2319"]
[Annotator "Finkel,A"]
[PlyCount "63"]
[EventDate "2001.02.06"]
[EventType "swiss"]
[EventRounds "11"]
[EventCountry "IND"]
[SourceTitle "CBM 082"]
[Source "ChessBase"]
[SourceDate "2001.05.17"]
[SourceVersion "1"]
[SourceVersionDate "2001.05.17"]
[SourceQuality "1"]

1. e4 e6 2. d4 d5 3. Nc3 dxe4 4. Nxe4 Bd7 5. Nf3 Bc6 6. Bd3 Nd7 7. O-O Bxe4 {
Slightly passive continuation after which black gets very solid position,
however without any counterplay.} 8. Bxe4 c6 9. c4 Ngf6 10. Bc2 Bd6 11. Bg5 (
11. Bd2 Qc7 12. Bc3 O-O 13. Re1 Rfd8 14. Qe2 Rac8 15. h3 b5 $5 16. cxb5 (16. b3
$5 $14) 16... cxb5 $11 {1/2-1/2 Foetsch,D-Buhmann,R/Neumuenster 1999/EXT 2000 
(25)}) (11. b3 O-O (11... Qa5 12. a3 O-O 13. Bb2 Rad8 14. Qe2 Qh5 15. Rfe1 Rfe8
16. Rad1 Nf8 17. g3 $14 {1-0 Hausner,I-Melich,J/Prague 1994/EXT 97 (42)}) 12.
Bb2 Qc7 13. Qe2 (13. Re1 Rfd8 14. Re2 c5 15. g3 Nf8 16. d5 Re8 17. dxe6 Rxe6
18. Qd3 Rae8 19. Rxe6 fxe6 (19... Rxe6 $6 20. Ng5 Re8 21. Bxf6 gxf6 22. Nxh7
Be5 23. Rd1 $16) (19... Nxe6 $2 20. Bxf6 gxf6 21. Qxh7+ $18) 20. Rd1 $14 {
1-0 Rozentalis,E-Kelecevic,N/Liechtenstein 1995/EXT 97/[Donev] (50)}) 13...
Rfe8 (13... c5 14. g3 (14. dxc5 Bxc5 15. a3 a5 16. Rad1 Rfd8 17. Nd4 Nf8 $132 {
0-1 Gallagher,J-Kelecevic,N/SWZ 1993/TD (37)}) 14... Rfd8 15. Rad1 cxd4 16.
Nxd4 Bc5 17. Nf3 Nf8 18. Bc3 $14 {1/2-1/2 Landenbergue,C-Kelecevic,N/Geneve
1995/CBM 46 ext (38)}) 14. Rfd1 Nf8 15. g3 c5 16. dxc5 Bxc5 17. Ne5 Rad8 18.
Rxd8 Rxd8 19. Rd1 Rxd1+ 20. Qxd1 Qb6 $11 {1/2-1/2 Lutz,C-Kelecevic,N/Biel 1995/
CBM 48 ext (29)}) (11. Qe2 Qc7 12. Bg5 h6 13. Bh4 O-O-O 14. c5 Be7 15. Bg3 Qa5
16. b4 $1 Qxb4 17. Rfb1 Qa5 18. Nd2 $36 {1-0 Van der Sterren,P-Segal,A/
Thessaloniki 1984/EXT 97-B (32)}) 11... Qc7 12. Qd3 h6 13. Bd2 {The advance of
h-pawn is white's achievment,because now the black king won't feel very safe
on the kingside and if black will play g6 the pawn on h6 will become weakness.}
O-O 14. c5 $5 Be7 (14... Bf4 15. Rfe1 Bxd2 16. Qxd2 Rad8 17. b4 Nd5 18. a3 $14)
15. Rfe1 Rfd8 16. b4 Bf8 $6 ({More in the spirit of the position is} 16... b6
17. cxb6 (17. Qa6 Nd5 18. Rac1 b5 19. Qa3 $14) 17... axb6 18. Qc4 Nd5 19. a3 b5
20. Qd3 $14) 17. Be3 $5 a5 $5 (17... b6) 18. a3 axb4 19. axb4 g6 $6 {
Permitting white to regroup the pieces.} (19... b6 20. Qc4 Nd5 21. Bd2 $14) 20.
Qd2 Rxa1 $6 (20... Kh7 21. Bf4 Qc8 22. Rxa8 Qxa8 23. h4 $14) 21. Rxa1 Kh7 22.
Bf4 Qc8 (22... e5 $5 23. dxe5 (23. Nxe5 Nxe5 24. Qe2 (24. Re1 Nf3+ 25. gxf3 Qd7
26. Be5 Nd5 $44) 24... Rxd4 25. Bxe5 Qe7 $13) 23... Nxe5 24. Bxe5 (24. Qe2
Nxf3+ 25. Qxf3 Qe7 26. Bd6 Qe6 27. Bxf8 Rxf8 28. h4 $14) 24... Rxd2 25. Bxg6+
fxg6 26. Bxc7 $14) 23. h4 Re8 (23... h5 {[%csl Rg5]} 24. Ng5+ Kg8 25. Qd3 Nd5
26. Bd2 N7f6 27. Nxf7 $1 Kxf7 28. Qxg6+ Ke7 29. Bg5 Rd7 30. Qxh5 $16) 24. Bd3
Bg7 25. Bh2 $1 $16 {Very strong move:black is out f usefull moves and whatever
he plays just worsens his position.} Kg8 (25... Nd5 26. h5 $16) (25... h5 26.
Ng5+ Kg8 27. Ra7) 26. Bd6 Nd5 27. Ne5 Nxe5 (27... Qd8 28. g3 (28. Ra7 $2 Nxe5
29. dxe5 Qxh4 30. Rxb7 Ra8 $36) 28... N7f6 29. Ra7 Qc8 30. b5 $16) 28. dxe5 Qd8
29. g3 Ne7 (29... h5 30. Ra7 Qc8 31. b5 cxb5 32. Bxb5 Rd8 33. c6 $1 $16) 30.
Ra7 Qd7 $2 31. Ba6 Rb8 32. Qd3 $5 $18 1-0